Catálogo de Estudios de las Universidades Nacionales de Centroamérica : (Record no. 135172)
[ view plain ]
| 000 -LEADER | |
|---|---|
| fixed length control field | 00590cam a2200169 4500 |
| 008 - FIXED-LENGTH DATA ELEMENTS--GENERAL INFORMATION | |
| fixed length control field | s1968 cr spa |
| 245 00 - TITLE STATEMENT | |
| Title | Catálogo de Estudios de las Universidades Nacionales de Centroamérica : |
| Remainder of title | 1967-1968 / |
| Statement of responsibility, etc | Consejo Superior Universitario Centroamericano. |
| 250 ## - EDITION STATEMENT | |
| Edition statement | 1a. ed. |
| 260 ## - PUBLICATION, DISTRIBUTION, ETC. (IMPRINT) | |
| Place of publication, distribution, etc | San José, Costa Rica : |
| Name of publisher, distributor, etc | Secretaría Permanente, |
| Date of publication, distribution, etc | 1968 |
| 300 ## - PHYSICAL DESCRIPTION | |
| Extent | 399 p. ; |
| Dimensions | 24cm. |
| 650 #4 - SUBJECT ADDED ENTRY--TOPICAL TERM | |
| Topical term or geographic name as entry element | Educación |
| Geographic subdivision | Costa Rica |
| General subdivision | Currícula |
| 650 #4 - SUBJECT ADDED ENTRY--TOPICAL TERM | |
| Topical term or geographic name as entry element | Profesiones catálogos |
| 942 ## - ADDED ENTRY ELEMENTS (KOHA) | |
| Source of classification or shelving scheme | Biblioteca del Cogreso de los Estados Unidos |
| Koha item type | Libro |
| Estado de pérdida | Fuente de clasificación | Estado del daño | No para préstamo | Ubicación permanente | Ubicación actual | Apartado o colección | Fecha de adquisición | Edición | Enumeración de Serie / Cronológica | Clasificación | Código de Barras | Date last seen | Número de copia | Tipo de recurso |
|---|---|---|---|---|---|---|---|---|---|---|---|---|---|---|
| Biblioteca del Cogreso de los Estados Unidos | Biblioteca de la Unidad de Ciencias Ingeniería y Humanidades | Biblioteca de la Unidad de Ciencias Ingeniería y Humanidades | General | 01/08/2017 | 1a. ed. | BCU000019391 | LC1051 C37 1968 | BCU000019391 | 01/08/2017 | 1 | Libro |